Bộ sách trắc nghiệm chỉ số thông minh IQ từ 11 đến 12 tuổi

Αποθηκεύτηκε σε:
Λεπτομέρειες βιβλιογραφικής εγγραφής
Κύριος συγγραφέας: Nguyễn, Hạnh
Άλλοι συγγραφείς: Nguyễn Hải Linh
Μορφή: Βιβλίο
Έκδοση: Tp, Hồ Chí Minh Trẻ
Θέματα:
Ετικέτες: Προσθήκη ετικέτας
Δεν υπάρχουν, Καταχωρήστε ετικέτα πρώτοι!
Thư viện lưu trữ: Trung tâm Học liệu Lê Vũ Hùng, Trường Đại học Đồng Tháp
LEADER 01023aam a22003378a 4500
001 00036041
005 20171026081025.0
008 170113s ||||||Viesd
041 0 # |a Vie 
082 1 4 |a 153.9  |b B450S 
100 1 # |a Nguyễn, Hạnh 
245 1 0 |a Bộ sách trắc nghiệm chỉ số thông minh  |c Nguyễn Hạnh; Nguyễn Hải Linh  |b IQ từ 11 đến 12 tuổi 
260 # # |a Tp, Hồ Chí Minh  |b Trẻ 
300 # # |a 176tr.  |c 20cm.  |b Minh họa 
500 # # |a ĐTTS: Bộ giáo dục và đào tạo. Đại học mở - bán công TP. Hồ Chí Minh 
653 # # |a Trí thông minh 
653 # # |a Trắc nghiệm 
653 # # |a Trẻ em 
700 1 # |a Nguyễn Hải Linh 
852 # # |b Kho đọc  |j KD.0017279 
852 # # |j KD.0017279 
910 |d 13/01/2017 
980 # # |a Trung tâm Học liệu Lê Vũ Hùng, Trường Đại học Đồng Tháp